Nguyễn Công Trứ tri và hành hợp nhất /
Spremljeno u:
| Glavni autor: | |
|---|---|
| Format: | Članak |
| Jezik: | Vietnamese |
| Teme: | |
| Oznake: |
Dodaj oznaku
Bez oznaka, Budi prvi tko označuje ovaj zapis!
|
| Thư viện lưu trữ: | Thư viện Trường Đại học Đà Lạt |
|---|
| LEADER | 00761nam a2200265 4500 | ||
|---|---|---|---|
| 001 | DLU170180728 | ||
| 005 | ##20170830 | ||
| 040 | # | # | |a DLU |b vie |
| 041 | # | # | |a vie |
| 044 | # | # | |a vn |
| 100 | # | # | |a Đỗ Việt Hà. |
| 245 | # | # | |a Nguyễn Công Trứ tri và hành hợp nhất / |c Đỗ Việt Hà. |
| 653 | # | # | |a Cuộc đời |
| 653 | # | # | |a Nguyễn Công Trứ |
| 653 | # | # | |a Nhà thơ |
| 773 | # | # | |t Tạp chí Văn hoá nghệ thuật |g Số 374, tháng 8-2015, tr105-108. |
| 920 | # | # | |a Phòng Tạp chí -- Trung tâm Thông tin - Thư viện Trường Đại học Đà Lạt |
| 994 | # | # | |a DLU |
| 900 | # | # | |a True |
| 911 | # | # | |a Trần Thị Minh Hương |
| 925 | # | # | |a G |
| 926 | # | # | |a A |
| 927 | # | # | |a BB |
| 980 | # | # | |a Thư viện Trường Đại học Đà Lạt |